Just Change One Letter #3 - Statistics

General Stats
  • This quiz has been taken 68 times
  • The average score is 11 of 20
Answer Stats
Hint Answer % Correct
To professionally provide food and drink Cater
89%
The parts that make up the human skeletal system Bones
71%
Another way to say a number to the third power Cubed
69%
More "kawaii" could be another way to put it Cuter
69%
The result status of the word above healing you Cured
67%
Connections formed between various atoms, covalent or ionic Bonds
62%
Someone who is very muscular and defined Toned
62%
An instrument that has been adjusted so it plays its notes at the right pitch Tuned
62%
A medic or shaman Curer
56%
Something that has its sides sewn together to make a pipe-like shape Tubed
55%
A location exposed to very strong gusts Windy
55%
Another way to say curves and chicanes around a race track Bends
51%
An Australian dog-like animal Dingo
51%
An object (usually straight) that's soft, flexible, and capable of being molded Bendy
45%
Unclean, drab, or gloomy Dingy
45%
_____}'s, The _____ Williams Show, etc. Wendy
45%
Something that has been divided into sections used for development Zoned
45%
Subsections of a certain area used for a certain purpose Zones
45%
Small or insignificant Dinky
22%
Knowing or self-referential, typically in a way intended to be amusing Winky
16%
No matching quizzes found
Score Distribution
Percent of People with Each Score
Percentile by Number Answered
Your Score History
You have not taken this quiz